<?xml version="1.0" encoding="UTF-8"?>
<marc:record xmlns:marc="http://www.loc.gov/MARC21/slim">
   <marc:leader>00000nam a2200000 a 4500</marc:leader>
   <marc:datafield ind1="0" ind2="0" tag="245">
      <marc:subfield code="a">Collexion [Spiel]</marc:subfield>
   </marc:datafield>
   <marc:datafield ind1="0" ind2="0" tag="245">
      <marc:subfield code="b">Einfach gesammelt - clever verwandelt</marc:subfield>
   </marc:datafield>
   <marc:datafield ind1=" " ind2="1" tag="264">
      <marc:subfield code="a">Berlin</marc:subfield>
      <marc:subfield code="b">Schmidt Spiele GmbH.</marc:subfield>
   </marc:datafield>
   <marc:datafield ind1="1" ind2=" " tag="520">
      <marc:subfield code="a">Gleiche Form &#x96; andere Farbe, gleiche Farbe &#x96; andere Form: so oder so geht es darum, Vierersets zum richtigen Zeitpunkt aus dem Spielteller zu fischen und in die eigene &#x84;Collexion&#x93; zu legen. Wer länger wartet, bekommt mehr Punkte. Aber Vorsicht: Wer zu hoch pokert, riskiert sogar Minuspunkte für übrig gebliebene Teile. Also nichts für schwache Nerven! Für noch mehr Spaß sorgen Aktion-Marker. Sie helfen aus der Patsche oder sorgen für gehörig Ärger bei den Mitspielern. Einfach, taktisch, gut!</marc:subfield>
   </marc:datafield>
   <marc:datafield ind1=" " ind2=" " tag="020">
      <marc:subfield code="a">4001504493943</marc:subfield>
      <marc:subfield code="9">4001504493943</marc:subfield>
   </marc:datafield>
   <marc:datafield ind1=" " ind2=" " tag="500">
      <marc:subfield code="a">1 Spielteller, 1 Schachtelerhöhung f Spielteller, 12 Punkte - Chips ( Nr. 2;3;4 jeweils 4Stk.), 12 Aktion - Chips (je Sorte 3 Stk.), 80 Polygone (je Farbe 20 Stk. ODER  je Sorte 20 Stk.), Spielanleitung</marc:subfield>
   </marc:datafield>
   <marc:datafield ind1="0" ind2=" " tag="490">
      <marc:subfield code="v">0</marc:subfield>
   </marc:datafield>
</marc:record>
